Las ciudades más grandes de España A-Z - Estadísticas

Estadísticas generales
  • Esta prueba ha sido intentada 4.178 veces
    2.686 desde el último reinicio
  • La puntuación promedio es 10 de 25
Estadísticas de respuestas
Población (2023) Ciudad % Correcto
B 1 655 956 Barcelona
100%
M 3 340 176 Madrid
97%
V 804 121 Valencia
89%
S 684 164 Sevilla
87%
Z 683 949 Zaragoza
83%
A 350 598 Alicante
71%
C 324 418 Córdoba
61%
H 276 617 Hospitalet de Llobregat / Huelva
58%
O 217 369 Oviedo
53%
G 268 948 Gijón
43%
P 430 640 Palma de Mallorca
37%
J 214 294 Jerez de la Frontera
31%
E 238 285 Elche
29%
L 380 863 Las Palmas de Gran Canaria
29%
D 188 136 Donostia-San Sebastián / Dos Hermanas
20%
F 189 287 Fuenlabrada
15%
Y 35 491 Yecla
14%
T 225 275 Terrassa
13%
R 108 535 Reus
12%
I 62 853 Irun
11%
U 51 354 Utrera
8%
W 303 Wamba
7%
N 39 070 Narón
5%
X 30 836 Xirivella
3%
Q 25 600 Quart de Poblet
2%
No se encontraron pruebas coincidentes
Distribución de puntuación
Porcentaje de gente con cada puntuación
Porcentaje por número respondido
Historial de tus puntuaciones
No has intentado esta prueba desde el último reinicio